00620 2200241 4500001002100000005001700021008004100038035002400079082001200103090001900115100002200134245004100156250001100197260003300208300002500241500003000266650001900296850001200315980001500327985000600342999001500348999001500363YOGYA-0209000005452520090227033352.0 ind  0010-020900000054525 a796.342 a796.342bKin R aKing, Billie Jean aRahasia Sang JuaracBillie Jean King aCet. 3 aSemarangbDahara Prizec1991 a120 hlmbilusc21 cm aSecvets of Winning Tennis aPermainan Bola aYOPDYOG a20-11-2007 a2 a98P0114500 a99P0001444